[Event "6. Copenhagen Open Politiken Cup"]
[Site "Copenhagen"]
[Date "1984.??.??"]
[Round "7"]
[White "Hoi, Carsten"]
[Black "Grooten, Herman"]
[Result "0-1"]
[WhiteElo "2400"]
[BlackElo "2305"]
[PlyCount "80"]
[EventDate "1984.??.??"]
[EventType "swiss"]
[EventRounds "10"]
[EventCountry "DEN"]
[SourceDate "2004.01.01"]

1. d4 Nf6 2. Nf3 e6 3. Bg5 d5 4. e3 c5 5. c4 cxd4 6. exd4 Be7 7. Nc3 Nc6 8. c5
h6 9. Bh4 Ne4 10. Bxe7 Qxe7 11. Qc2 Ng5 12. O-O-O Nxf3 13. gxf3 Qf6 14. Qd2 O-O
15. Rg1 Rd8 16. Rg3 b6 17. Bb5 Ne7 18. Rdg1 Nf5 19. Rg4 bxc5 20. dxc5 g6 21. c6
h5 22. Rg5 Nd4 23. Qd3 Kf8 24. R5g3 e5 25. Ne2 h4 26. Qa3+ Kg7 27. Nxd4 hxg3
28. Nc2 gxh2 29. Rh1 Qg5+ 30. Qe3 Qg1+ 31. Qe1 Qxe1+ 32. Nxe1 Rh8 33. Nd3 Rb8
34. Ba4 e4 35. fxe4 dxe4 36. Ne5 Rb4 37. b3 Be6 38. Kd2 Kf6 39. Nd7+ Bxd7 40.
cxd7 Rd4+ 0-1

[Event "6. Copenhagen Open Politiken Cup"]
[Site "Copenhagen"]
[Date "1984.??.??"]
[Round "7"]
[White "Horvath, Tamas"]
[Black "Davies, Nigel"]
[Result "1/2-1/2"]
[WhiteElo "2440"]
[BlackElo "2340"]
[PlyCount "44"]
[EventDate "1984.??.??"]
[EventType "swiss"]
[EventRounds "10"]
[EventCountry "DEN"]
[SourceDate "2004.01.01"]

1. e4 g6 2. d4 Bg7 3. Nc3 d6 4. Bf4 Nc6 5. Bb5 a6 6. Bxc6+ bxc6 7. Qd2 Rb8 8.
O-O-O Bd7 9. Nge2 Qc8 10. f3 Qb7 11. b3 Qb4 12. Kb1 a5 13. g4 a4 14. h4 h5 15.
gxh5 Rxh5 16. Bg5 Be6 17. d5 cxd5 18. Nxd5 Qa3 19. Qc1 Qxc1+ 20. Kxc1 Bxd5 21.
exd5 axb3 22. axb3 Bf6 1/2-1/2

[Event "6. Copenhagen Open Politiken Cup"]
[Site "Copenhagen"]
[Date "1984.??.??"]
[Round "7"]
[White "Hvenekilde, Jorgen"]
[Black "Fedder, Steen"]
[Result "0-1"]
[WhiteElo "2290"]
[BlackElo "2420"]
[PlyCount "112"]
[EventDate "1984.??.??"]
[EventType "swiss"]
[EventRounds "10"]
[EventCountry "DEN"]
[SourceDate "2004.01.01"]

1. e4 c5 2. Nf3 d6 3. c3 Nf6 4. Be2 g6 5. O-O Bg7 6. Re1 O-O 7. Bf1 Nc6 8. h3
e5 9. Na3 Re8 10. d3 h6 11. Bd2 d5 12. Qc2 Be6 13. Rad1 Qd7 14. Qb1 Rad8 15. b4
cxb4 16. cxb4 Qe7 17. b5 Qxa3 18. bxc6 bxc6 19. Nxe5 dxe4 20. Nxc6 Rd7 21. dxe4
Bxa2 22. Qb4 Qxb4 23. Nxb4 Bb3 24. Bb5 Bxd1 25. Bxd7 Nxd7 26. Rxd1 Rxe4 27. Be3
Rxb4 28. Rxd7 a5 29. g3 g5 30. Kg2 a4 31. Ra7 Bb2 32. g4 Kg7 33. Ra6 Rc4 34.
Kf3 f6 35. Ke2 a3 36. Kd3 Rc3+ 37. Ke4 Kg6 38. Ra4 Rc8 39. Ra6 h5 40. Kd3 Rc3+
41. Ke4 Rc7 42. Ra8 h4 43. Kd3 Kf7 44. Ke4 Re7+ 45. Kd5 f5 46. Bxg5 Re5+ 47.
Kc4 fxg4 48. Bxh4 gxh3 49. Bg3 Rg5 50. Ra7+ Kg6 51. Ra6+ Kh5 52. Bd6 Rg6 53.
Ra5+ Kg4 54. Bxa3 Bxa3 55. Rxa3 Rh6 56. Rg3+ Kf4 0-1

[Event "6. Copenhagen Open Politiken Cup"]
[Site "Copenhagen"]
[Date "1984.??.??"]
[Round "7"]
[White "Knoppert, Erik G J"]
[Black "Iskov, Gert"]
[Result "1-0"]
[WhiteElo "2245"]
[BlackElo "2370"]
[PlyCount "80"]
[EventDate "1984.??.??"]
[EventType "swiss"]
[EventRounds "10"]
[EventCountry "DEN"]
[SourceDate "2004.01.01"]

1. c4 e5 2. Nc3 Bb4 3. g3 Bxc3 4. dxc3 d6 5. Bg2 f5 6. Nf3 Nf6 7. O-O Nc6 8. b3
O-O 9. Qc2 Qe8 10. a4 a5 11. Nh4 f4 12. gxf4 e4 13. Bh1 Qh5 14. Ng2 Bg4 15. Ra2
Rae8 16. Qd1 Ne7 17. f3 exf3 18. exf3 Bh3 19. Re2 Ng6 20. Rfe1 Rxe2 21. Qxe2
Qf5 22. Qd2 Nh5 23. Ne3 Qf7 24. f5 Ne7 25. Bg2 Bxg2 26. Nxg2 Nxf5 27. Qg5 h6
28. Qg4 g6 29. Re2 Re8 30. Rxe8+ Qxe8 31. Qe4 Nf6 32. Qxe8+ Nxe8 33. Nf4 Kf7
34. Kf2 Nf6 35. Ne2 h5 36. Bg5 Nd7 37. b4 Ne5 38. Bd8 Nxc4 39. Bxc7 b6 40. Bd8
Ke8 {Tid} 1-0

[Event "6. Copenhagen Open Politiken Cup"]
[Site "Copenhagen"]
[Date "1984.??.??"]
[Round "7"]
[White "Kovacs, Laszlo"]
[Black "Tompa, Janos"]
[Result "1/2-1/2"]
[WhiteElo "2345"]
[BlackElo "2420"]
[PlyCount "32"]
[EventDate "1984.??.??"]
[EventType "swiss"]
[EventRounds "10"]
[EventCountry "DEN"]
[SourceDate "2004.01.01"]

1. e4 e6 2. d4 d5 3. exd5 exd5 4. Nf3 Bd6 5. Bd3 Nf6 6. O-O O-O 7. Bg5 Bg4 8.
Nbd2 Nbd7 9. Bh4 Re8 10. Bg3 Bxg3 11. hxg3 c6 12. c3 Bh5 13. Qc2 Bg6 14. Bxg6
hxg6 15. Rfe1 Qc7 16. Rxe8+ Rxe8 1/2-1/2

[Event "6. Copenhagen Open Politiken Cup"]
[Site "Copenhagen"]
[Date "1984.??.??"]
[Round "7"]
[White "Lindberg, Bengt"]
[Black "Bator, Robert"]
[Result "1/2-1/2"]
[WhiteElo "2265"]
[BlackElo "2365"]
[PlyCount "74"]
[EventDate "1984.??.??"]
[EventType "swiss"]
[EventRounds "10"]
[EventCountry "DEN"]
[SourceDate "2004.01.01"]

1. e4 c5 2. Nf3 d6 3. d4 cxd4 4. Nxd4 Nf6 5. Nc3 e5 6. Bb5+ Nbd7 7. Nf5 a6 8.
Ba4 b5 9. Bb3 Nc5 10. Bg5 Bb7 11. Bd5 Bxd5 12. Bxf6 Qxf6 13. Nxd5 Qd8 14. O-O
g6 15. Ng3 Bg7 16. b3 a5 17. Qe2 Rb8 18. a3 O-O 19. Rad1 Ne6 20. Qd2 Rb7 21.
Ne3 Nd4 22. Ne2 Qh4 23. f3 a4 24. b4 Rc7 25. Nxd4 exd4 26. Nd5 Rc4 27. Rf2 f5
28. Re1 f4 29. Qd3 Qd8 30. g3 Be5 31. Rg2 Kh8 32. Ree2 Qe8 33. Ref2 Qf7 34. Rf1
Qg7 35. g4 Qa7 36. Kh1 Rfc8 37. Qd1 Qb7 1/2-1/2

[Event "6. Copenhagen Open Politiken Cup"]
[Site "Copenhagen"]
[Date "1984.??.??"]
[Round "7"]
[White "Matulovic, Milan"]
[Black "Fette, Martin"]
[Result "1-0"]
[WhiteElo "2465"]
[BlackElo "2270"]
[PlyCount "109"]
[EventDate "1984.??.??"]
[EventType "swiss"]
[EventRounds "10"]
[EventCountry "DEN"]
[SourceDate "2004.01.01"]

1. e4 g6 2. d4 Bg7 3. Nf3 d6 4. Nc3 Nf6 5. Be2 O-O 6. O-O c6 7. Re1 Qc7 8. Bf4
Nh5 9. Bg5 e5 10. Qd2 Bg4 11. Rad1 Na6 12. h3 Bxf3 13. Bxf3 Nf6 14. dxe5 dxe5
15. Qd6 Rfd8 16. Qxc7 Nxc7 17. Be3 b6 18. Nb1 Ne6 19. c3 Ne8 20. Bg4 N8c7 21.
a4 Bf8 22. Rxd8 Rxd8 23. Rd1 Rxd1+ 24. Bxd1 Bc5 25. Bd2 Be7 26. b4 Bg5 27. Be1
Kf8 28. Kf1 Ke7 29. g3 Ne8 30. h4 Bh6 31. Ke2 Nd6 32. Kd3 f5 33. f3 Kd7 34. Nd2
Bg7 35. Bf2 Bf6 36. Nc4 Nxc4 37. Kxc4 Nc7 38. exf5 gxf5 39. Bc2 Ke6 40. a5 Nd5
41. g4 fxg4 42. fxg4 h6 43. Be4 bxa5 44. bxa5 a6 45. Kc5 Nxc3 46. Bf5+ Kf7 47.
Kb6 e4 48. Kxa6 Nd1 49. Be1 e3 50. Kb7 Bd4 51. a6 Kf6 52. Bd3 Nf2 53. Be2 Ne4
54. Ba5 Ng3 55. Bd3 1-0

[Event "6. Copenhagen Open Politiken Cup"]
[Site "Copenhagen"]
[Date "1984.??.??"]
[Round "7"]
[White "Norgaard, Jesper"]
[Black "King, Daniel J"]
[Result "1/2-1/2"]
[WhiteElo "2315"]
[BlackElo "2435"]
[PlyCount "28"]
[EventDate "1984.??.??"]
[EventType "swiss"]
[EventRounds "10"]
[EventCountry "DEN"]
[SourceDate "2004.01.01"]

1. d4 Nf6 2. Nf3 e6 3. Bf4 b5 4. Nbd2 Bb7 5. e3 a6 6. Bd3 c5 7. c3 Nc6 8. O-O
Be7 9. h3 Qb6 10. Rc1 O-O 11. Re1 Rac8 12. Bb1 Rfe8 13. Nf1 d5 14. Ng3 b4
1/2-1/2

[Event "6. Copenhagen Open Politiken Cup"]
[Site "Copenhagen"]
[Date "1984.??.??"]
[Round "7"]
[White "Petersen, Finn"]
[Black "Hartung Nielsen, Jens"]
[Result "1/2-1/2"]
[WhiteElo "2320"]
[BlackElo "2240"]
[PlyCount "86"]
[EventDate "1984.??.??"]
[EventType "swiss"]
[EventRounds "10"]
[EventCountry "DEN"]
[SourceDate "2004.01.01"]

1. e4 c5 2. Nf3 d6 3. d4 cxd4 4. Nxd4 Nf6 5. Nc3 g6 6. Be3 Bg7 7. Be2 Nc6 8.
Nb3 O-O 9. O-O Be6 10. f4 Qc8 11. Kh1 Rd8 12. Bg1 d5 13. e5 Ne4 14. Nxe4 dxe4
15. Qe1 b6 16. c3 f6 17. Nd2 f5 18. Nb3 Kh8 19. Qh4 Rg8 20. Qg5 Qf8 21. h4 Bh6
22. Qg3 Qf7 23. Nd4 Nxd4 24. Bxd4 Bg7 25. a4 Bc4 26. Qe3 Rgd8 27. g3 Rd7 28.
Rf2 h5 29. Bxc4 Qxc4 30. Qe2 Rc8 31. Qxc4 Rxc4 32. Rd2 Kg8 33. Kg2 Kf8 34. Kf1
Rcc7 35. Rad1 Rd5 36. b3 Ke8 37. Ke2 e6 38. c4 Rd8 39. a5 Rb7 40. axb6 axb6 41.
Be3 Rxd2+ 42. Rxd2 Bf8 43. Ra2 Bc5 1/2-1/2

[Event "6. Copenhagen Open Politiken Cup"]
[Site "Copenhagen"]
[Date "1984.??.??"]
[Round "7"]
[White "Portisch, Ferenc"]
[Black "Fuller, Maxwell"]
[Result "1/2-1/2"]
[WhiteElo "2445"]
[BlackElo "2335"]
[PlyCount "122"]
[EventDate "1984.??.??"]
[EventType "swiss"]
[EventRounds "10"]
[EventCountry "DEN"]
[SourceDate "2004.01.01"]

1. d4 Nf6 2. c4 e6 3. Nc3 Bb4 4. e3 b6 5. Bd3 Bb7 6. Nf3 Ne4 7. Qc2 f5 8. O-O
Bxc3 9. bxc3 O-O 10. Ne1 Qh4 11. f3 Ng5 12. Qf2 Qxf2+ 13. Rxf2 c5 14. a4 Nc6
15. Rb2 Ba6 16. a5 Nxa5 17. dxc5 Rfc8 18. e4 fxe4 19. Bc2 Rxc5 20. Be3 Rac8 21.
Bxc5 Rxc5 22. fxe4 Bxc4 23. Rd1 Rc7 24. Rb4 Kf8 25. h4 Nf7 26. Nf3 Be2 27. Rd2
Bxf3 28. gxf3 Ne5 29. Bd1 Rxc3 30. Rb5 Nac4 31. Rd4 Ke7 32. Be2 a6 33. Rb1 Rc2
34. Kf2 b5 35. Rg1 g6 36. h5 gxh5 37. Rh1 Ng6 38. e5 h4 39. f4 a5 40. Rhd1 Nb6
41. f5 exf5 42. Rd6 Nc4 43. Rxd7+ Ke6 44. Ke1 Nf4 45. Bxc4+ bxc4 46. R1d6+ Kxe5
47. Ra6 h3 48. Rxa5+ Ke4 49. Re7+ Kf3 50. Kd1 h2 51. Rxh7 Rg2 52. Rxf5 Ke4 53.
Rc5 Kd4 54. Rf5 Nd3 55. Rfh5 h1=Q+ 56. Rxh1 Nf2+ 57. Kc1 Nxh1 58. Rxh1 Kc3 59.
Rh3+ Kb4 60. Rf3 c3 61. Rf1 Kb3 1/2-1/2

[Event "6. Copenhagen Open Politiken Cup"]
[Site "Copenhagen"]
[Date "1984.??.??"]
[Round "7"]
[White "Poulsen, Allan"]
[Black "Carl, Manfred"]
[Result "1-0"]
[WhiteElo "2350"]
[BlackElo "2230"]
[PlyCount "67"]
[EventDate "1984.??.??"]
[EventType "swiss"]
[EventRounds "10"]
[EventCountry "DEN"]
[SourceDate "2004.01.01"]

1. e4 e6 2. d4 d5 3. Nd2 Nf6 4. e5 Nfd7 5. c3 c5 6. Bd3 Qa5 7. f4 g6 8. Ne2 b5
9. O-O Ba6 10. g4 Nc6 11. f5 gxf5 12. gxf5 O-O-O 13. Nf3 Qb6 14. Kh1 Bb7 15.
Bf4 Re8 16. Rg1 Be7 17. Rg7 f6 18. fxe6 Ndxe5 19. dxe5 Nxe5 20. Ng3 Bd6 21. Nf5
Bb8 22. Ne7+ Rxe7 23. Rxe7 Nxd3 24. Qxd3 Bxf4 25. Qf5 Be3 26. Rxh7 Rg8 27. e7+
Kb8 28. Rf7 Re8 29. Rf8 Bc6 30. Qh5 d4 31. Rxe8+ Kb7 32. Rd8 dxc3 33. bxc3 Ka6
34. e8=Q 1-0

[Event "6. Copenhagen Open Politiken Cup"]
[Site "Copenhagen"]
[Date "1984.??.??"]
[Round "7"]
[White "Reinert, Mads"]
[Black "Sorensen, Henrik"]
[Result "0-1"]
[WhiteElo "2330"]
[BlackElo "2250"]
[PlyCount "94"]
[EventDate "1984.??.??"]
[EventType "swiss"]
[EventRounds "10"]
[EventCountry "DEN"]
[SourceDate "2004.01.01"]

1. e4 c5 2. Nf3 e6 3. d4 cxd4 4. Nxd4 Nf6 5. Nc3 Nc6 6. Ndb5 d6 7. Bf4 e5 8.
Bg5 a6 9. Na3 b5 10. Bxf6 gxf6 11. Nd5 f5 12. g3 fxe4 13. Bg2 Be6 14. Bxe4 Rc8
15. O-O Bg7 16. c3 O-O 17. Nc2 f5 18. Bg2 f4 19. a4 Kh8 20. axb5 axb5 21. Ra6
Nb8 22. Ra7 Nd7 23. Ndb4 Nc5 24. Nc6 Rxc6 25. Bxc6 Qb6 26. Rxg7 Qxc6 27. Rg6
Bh3 28. gxf4 Ne4 29. Nb4 Qc4 30. Rg2 Rg8 31. Rg3 Nxg3 32. fxg3 Qxf1+ 33. Qxf1
Bxf1 34. Kxf1 exf4 35. gxf4 Rf8 36. Nd3 Kg7 37. Kf2 Kg6 38. Ke3 Kf5 39. Kd4 h5
40. b4 Rc8 41. Nb2 Kxf4 42. c4 Rb8 43. c5 dxc5+ 44. bxc5 Rd8+ 45. Kc3 Ke4 46.
Kb4 Rd2 47. Kc3 Rxh2 0-1

[Event "6. Copenhagen Open Politiken Cup"]
[Site "Copenhagen"]
[Date "1984.??.??"]
[Round "7"]
[White "Schandorff, Lars"]
[Black "Kristensen, Leif Sogaard"]
[Result "1-0"]
[WhiteElo "2310"]
[BlackElo "2220"]
[PlyCount "63"]
[EventDate "1984.??.??"]
[EventType "swiss"]
[EventRounds "10"]
[EventCountry "DEN"]
[SourceDate "2004.01.01"]

1. d4 Nf6 2. c4 c5 3. d5 e6 4. Nc3 exd5 5. cxd5 d6 6. Nf3 g6 7. Bf4 a6 8. a4
Bg7 9. e4 O-O 10. Be2 Bg4 11. O-O Re8 12. Nd2 Bxe2 13. Qxe2 Nh5 14. Be3 Bd4 15.
Nc4 Qc7 16. Rad1 Bxc3 17. bxc3 Rxe4 18. Qd3 f5 19. f3 Re8 20. g4 Ng7 21. a5 Rf8
22. Bf4 Ne8 23. Qe3 Nd7 24. Qe6+ Rf7 25. Bxd6 Qd8 26. Rfe1 Ng7 27. Qe3 h5 28.
Be7 Qc7 29. Nd6 f4 30. Qe2 hxg4 31. Nxf7 Kxf7 32. d6 1-0

[Event "6. Copenhagen Open Politiken Cup"]
[Site "Copenhagen"]
[Date "1984.??.??"]
[Round "7"]
[White "Sznapik, Aleksander"]
[Black "Van der Sterren, Paul"]
[Result "1-0"]
[WhiteElo "2460"]
[BlackElo "2475"]
[PlyCount "53"]
[EventDate "1984.??.??"]
[EventType "swiss"]
[EventRounds "10"]
[EventCountry "DEN"]
[SourceDate "2004.01.01"]

1. e4 e5 2. Nf3 Nc6 3. Bb5 a6 4. Ba4 Nf6 5. O-O Be7 6. Re1 b5 7. Bb3 d6 8. c3
O-O 9. d4 Bg4 10. Be3 exd4 11. cxd4 d5 12. e5 Ne4 13. h3 Bh5 14. Nc3 Nxc3 15.
bxc3 Na5 16. Bc2 Nc4 17. g4 Bg6 18. Bf5 a5 19. Bf4 b4 20. h4 Bxh4 21. Kg2 Be7
22. Rh1 Bxf5 23. gxf5 f6 24. e6 Bd6 25. Rxh7 Bxf4 26. Ng5 Bxg5 27. Qh5 1-0

[Event "6. Copenhagen Open Politiken Cup"]
[Site "Copenhagen"]
[Date "1984.??.??"]
[Round "7"]
[White "Sorensen, Bent"]
[Black "Moe, Mogens"]
[Result "0-1"]
[WhiteElo "2290"]
[BlackElo "2350"]
[PlyCount "64"]
[EventDate "1984.??.??"]
[EventType "swiss"]
[EventRounds "10"]
[EventCountry "DEN"]
[SourceDate "2004.01.01"]

1. Nf3 Nf6 2. g3 c5 3. Bg2 Nc6 4. O-O g6 5. d3 Bg7 6. e4 d6 7. Nc3 Rb8 8. Nh4
b5 9. f4 Qb6 10. h3 c4+ 11. Kh2 b4 12. Ne2 cxd3 13. cxd3 Nd7 14. Rf3 Ba6 15.
Bf1 Nc5 16. Rb1 Qa5 17. Ra1 O-O 18. Re3 Nd4 19. Nxd4 Bxd4 20. Re1 b3 21. Bd2
Qxa2 22. Rxa2 bxa2 23. b4 a1=Q 24. Qxa1 Bxa1 25. Rxa1 Nb3 26. Rxa6 Nxd2 27. Bg2
Rxb4 28. Rxa7 Rb2 29. Rxe7 Rc8 30. g4 Nf1+ 31. Kg1 Ne3 32. e5 d5 0-1

[Event "6. Copenhagen Open Politiken Cup"]
[Site "Copenhagen"]
[Date "1984.??.??"]
[Round "7"]
[White "Wedberg, Tom"]
[Black "Pokojowczyk, Jerzy"]
[Result "1-0"]
[WhiteElo "2495"]
[BlackElo "2370"]
[PlyCount "69"]
[EventDate "1984.??.??"]
[EventType "swiss"]
[EventRounds "10"]
[EventCountry "DEN"]
[SourceDate "2004.01.01"]

1. e4 c5 2. Nf3 e6 3. d4 cxd4 4. Nxd4 Nf6 5. Nc3 Bb4 6. e5 Nd5 7. Bd2 Nxc3 8.
bxc3 Be7 9. Qg4 O-O 10. Bh6 g6 11. h4 Qa5 12. Qg3 Rd8 13. h5 d6 14. hxg6 fxg6
15. Bf4 dxe5 16. Bxe5 Rd5 17. f4 Nd7 18. Bc4 Nxe5 19. Bxd5 Qxd5 20. fxe5 Qe4+
21. Kd2 Bd7 22. Rae1 Qd5 23. Qh3 Bg5+ 24. Kd1 h6 25. Qd3 Be8 26. c4 Qd7 27. Nb5
Qxd3+ 28. cxd3 Bxb5 29. cxb5 Rc8 30. Ke2 Rc2+ 31. Kf3 Rxa2 32. Ra1 Rd2 33. Rhd1
Rb2 34. Rdb1 Rd2 35. Rb3 1-0

[Event "6. Copenhagen Open Politiken Cup"]
[Site "Copenhagen"]
[Date "1984.??.??"]
[Round "8"]
[White "Bator, Robert"]
[Black "Knoppert, Erik G J"]
[Result "1-0"]
[WhiteElo "2365"]
[BlackElo "2245"]
[PlyCount "77"]
[EventDate "1984.??.??"]
[EventType "swiss"]
[EventRounds "10"]
[EventCountry "DEN"]
[SourceDate "2004.01.01"]

1. e4 c5 2. Nf3 Nc6 3. d4 cxd4 4. Nxd4 Nf6 5. Nc3 d6 6. Bg5 e6 7. Qd3 Be7 8. f4
Qb6 9. O-O-O Bd7 10. Ndb5 O-O 11. Nxd6 Bxd6 12. Qxd6 Rfd8 13. Bxf6 gxf6 14. Qd3
Rac8 15. Qg3+ Kf8 16. Bb5 Nd4 17. Rxd4 Qxd4 18. Rd1 Qc5 19. Bxd7 Rc7 20. Bb5
Rxd1+ 21. Kxd1 Qg1+ 22. Kd2 Rc8 23. a3 h5 24. h3 a6 25. Bd3 b5 26. Nd1 Qc5 27.
Qe3 Qc7 28. Ke2 h4 29. Kf1 Ke7 30. Qf2 Rh8 31. Nc3 Qd6 32. Qe3 Rg8 33. Ne2 Qc7
34. Qd4 e5 35. Qf2 Qd6 36. Qxh4 exf4 37. Qxf4 Qb6 38. Nc3 Qd4 39. Nd5+ {Tid}
1-0

[Event "6. Copenhagen Open Politiken Cup"]
[Site "Copenhagen"]
[Date "1984.??.??"]
[Round "8"]
[White "Berkell, Peder"]
[Black "Tompa, Janos"]
[Result "1/2-1/2"]
[WhiteElo "2305"]
[BlackElo "2420"]
[PlyCount "94"]
[EventDate "1984.??.??"]
[EventType "swiss"]
[EventRounds "10"]
[EventCountry "DEN"]
[SourceDate "2004.01.01"]

1. d4 Nf6 2. Nf3 e6 3. e3 c5 4. Bd3 b6 5. O-O Bb7 6. c4 Be7 7. b3 O-O 8. Bb2 d6
9. Nc3 cxd4 10. exd4 Nbd7 11. Qe2 Rc8 12. Rad1 Re8 13. Ng5 Bf8 14. f4 d5 15.
Nf3 Qc7 16. Ne5 dxc4 17. bxc4 g6 18. g4 a6 19. h4 Rcd8 20. Nb1 Ba8 21. h5 Qb7
22. Kh2 Ne4 23. hxg6 hxg6 24. Rde1 Nxe5 25. Bxe4 Qxe4 26. fxe5 Qxe2+ 27. Rxe2
Rc8 28. Ref2 Rxc4 29. Rxf7 Rc2+ 30. R1f2 Rxb2 31. Rxf8+ Rxf8 32. Rxb2 b5 33. a4
bxa4 34. Rb6 Bd5 35. Nc3 Rf2+ 36. Kg1 Rg2+ 37. Kf1 Rxg4 38. Nxd5 exd5 39. Rxa6
Rxd4 40. Rxg6+ Kf7 41. Ra6 Rd1+ 42. Ke2 Ra1 43. Kd2 d4 44. Kd3 a3 45. Kxd4 a2
46. Kc3 Re1 47. Rxa2 Rxe5 1/2-1/2

[Event "6. Copenhagen Open Politiken Cup"]
[Site "Copenhagen"]
[Date "1984.??.??"]
[Round "8"]
[White "Bilek, Istvan"]
[Black "Davies, Nigel"]
[Result "0-1"]
[WhiteElo "2395"]
[BlackElo "2340"]
[PlyCount "50"]
[EventDate "1984.??.??"]
[EventType "swiss"]
[EventRounds "10"]
[EventCountry "DEN"]
[SourceDate "2004.01.01"]

1. Nf3 Nf6 2. g3 d5 3. Bg2 c6 4. d3 Nbd7 5. O-O e5 6. Nbd2 Be7 7. e4 dxe4 8.
dxe4 O-O 9. Qe2 Re8 10. b3 Qc7 11. Bb2 Bf8 12. Rfd1 a5 13. a4 b6 14. Nc4 Ba6
15. Bf1 b5 16. axb5 cxb5 17. Ne3 Nc5 18. Qe1 Ncxe4 19. Rxa5 Bc5 20. Bh3 Bxe3
21. fxe3 Qxc2 22. Rb1 Nf2 23. Bf1 Nd3 24. Bxd3 Qxd3 25. e4 Qxf3 0-1

[Event "6. Copenhagen Open Politiken Cup"]
[Site "Copenhagen"]
[Date "1984.??.??"]
[Round "8"]
[White "Bjarnason, Saevar"]
[Black "Portisch, Ferenc"]
[Result "1-0"]
[WhiteElo "2375"]
[BlackElo "2445"]
[PlyCount "53"]
[EventDate "1984.??.??"]
[EventType "swiss"]
[EventRounds "10"]
[EventCountry "DEN"]
[SourceDate "2004.01.01"]

1. Nf3 Nf6 2. g3 g6 3. b3 Bg7 4. Bb2 d6 5. d4 Bg4 6. Nbd2 a5 7. a4 Na6 8. Bg2
Qc8 9. h3 Bd7 10. e4 Nb4 11. e5 Nfd5 12. Ne4 O-O 13. Qe2 c6 14. c4 Nb6 15. Kf1
d5 16. Nc5 dxc4 17. bxc4 Be6 18. Nd2 h5 19. Be4 Bxh3+ 20. Kg1 Bg4 21. f3 Bf5
22. Bxf5 Qxf5 23. Nde4 Qc8 24. g4 hxg4 25. Qh2 Rd8 26. Qh7+ Kf8 27. e6 1-0

[Event "6. Copenhagen Open Politiken Cup"]
[Site "Copenhagen"]
[Date "1984.??.??"]
[Round "8"]
[White "Brinck Claussen, Bjorn"]
[Black "Matulovic, Milan"]
[Result "1/2-1/2"]
[WhiteElo "2370"]
[BlackElo "2465"]
[PlyCount "42"]
[EventDate "1984.??.??"]
[EventType "swiss"]
[EventRounds "10"]
[EventCountry "DEN"]
[SourceDate "2004.01.01"]

1. d4 g6 2. e4 Bg7 3. Nf3 d6 4. Nc3 Nf6 5. Be2 O-O 6. O-O c5 7. dxc5 dxc5 8.
Be3 b6 9. Qxd8 Rxd8 10. Rfd1 Nc6 11. Rxd8+ Nxd8 12. a4 Bb7 13. Nd2 Nc6 14. f3
Nd7 15. Nc4 Nd4 16. Bd3 Ba6 17. Rc1 Rd8 18. Kf2 Nb8 19. Nd5 Nbc6 20. Nc7 Bb7
21. Bf1 Ne5 1/2-1/2

[Event "6. Copenhagen Open Politiken Cup"]
[Site "Copenhagen"]
[Date "1984.??.??"]
[Round "8"]
[White "Brondum, Eric"]
[Black "Petersen, Finn"]
[Result "1-0"]
[WhiteElo "2260"]
[BlackElo "2320"]
[PlyCount "79"]
[EventDate "1984.??.??"]
[EventType "swiss"]
[EventRounds "10"]
[EventCountry "DEN"]
[SourceDate "2004.01.01"]

1. d4 g6 2. e4 c5 3. d5 d6 4. Nf3 Bg7 5. Nc3 Bg4 6. Be2 Bxf3 7. Bxf3 Nf6 8. O-O
O-O 9. Re1 Nfd7 10. Be2 Na6 11. Bf4 Nc7 12. Qd2 Rb8 13. a4 Re8 14. Bh6 Bh8 15.
h3 b6 16. Bb5 Nxb5 17. axb5 Qc7 18. Ra2 Rb7 19. Rea1 Nf8 20. Kh1 Qd7 21. Ra4
Ra8 22. Qd3 Qc7 23. f4 Nd7 24. Qf3 Qc8 25. Rf1 a6 26. bxa6 Rba7 27. Nb5 Rxa6
28. Rxa6 Rxa6 29. e5 dxe5 30. d6 e6 31. Nc7 Ra7 32. Qc6 f5 33. fxe5 Bxe5 34.
Re1 Kf7 35. b4 Rxc7 36. dxc7 Qxc7 37. b5 Qa7 38. c3 Nb8 39. Qc8 Nd7 40. Rxe5
1-0

[Event "6. Copenhagen Open Politiken Cup"]
[Site "Copenhagen"]
[Date "1984.??.??"]
[Round "8"]
[White "Carl, Manfred"]
[Black "Knudsen, Per"]
[Result "1-0"]
[WhiteElo "2230"]
[BlackElo "2295"]
[PlyCount "81"]
[EventDate "1984.??.??"]
[EventType "swiss"]
[EventRounds "10"]
[EventCountry "DEN"]
[SourceDate "2004.01.01"]

1. d4 Nf6 2. Nf3 g6 3. Bf4 Bg7 4. e3 O-O 5. Be2 d6 6. h3 Nbd7 7. O-O b6 8. c4
Bb7 9. Nc3 a6 10. a4 Ne4 11. a5 e5 12. Bh2 Nxc3 13. bxc3 Qe7 14. Qb3 Rfb8 15.
Qa3 f6 16. Ra2 Bf8 17. Rb2 Bc6 18. Rfb1 Be4 19. Ra1 bxa5 20. Rxb8 Rxb8 21. Nd2
Bc6 22. Qxa5 Qd8 23. Bg3 Kg7 24. Bf3 Bxf3 25. Nxf3 Ra8 26. c5 Be7 27. c4 exd4
28. exd4 dxc5 29. Bxc7 Qc8 30. Re1 Bf8 31. d5 Qb7 32. Re6 Qb1+ 33. Kh2 Qb4 34.
Qa2 a5 35. Qe2 Qb7 36. Re7+ Bxe7 37. Qxe7+ Kh6 38. Bf4+ g5 39. Nxg5 Rh8 40.
Nf7+ Kg7 41. Nd6+ 1-0

[Event "6. Copenhagen Open Politiken Cup"]
[Site "Copenhagen"]
[Date "1984.??.??"]
[Round "8"]
[White "Degerman, Lars"]
[Black "Hoi, Carsten"]
[Result "1/2-1/2"]
[WhiteElo "2270"]
[BlackElo "2400"]
[PlyCount "80"]
[EventDate "1984.??.??"]
[EventType "swiss"]
[EventRounds "10"]
[EventCountry "DEN"]
[SourceDate "2004.01.01"]

1. e4 d6 2. d4 Nf6 3. Nc3 g6 4. g3 Bg7 5. Bg2 O-O 6. Nge2 e5 7. h3 Nc6 8. Be3
exd4 9. Nxd4 Nxd4 10. Bxd4 Bd7 11. O-O Re8 12. Qd3 Bc6 13. Rae1 Nd7 14. f4
Bxd4+ 15. Qxd4 a5 16. a4 Qe7 17. Re3 Rad8 18. Rfe1 Qf8 19. b3 Qg7 20. Qc4 Re6
21. Nb5 Nb6 22. Qd3 Bxb5 23. Qxb5 Qb2 24. Qxa5 Qxc2 25. Qc3 Qxc3 26. Rxc3 c6
27. Rd1 Nd7 28. Rd4 Kf8 29. Rb4 Rb8 30. h4 Nc5 31. e5 Na6 32. Rb6 dxe5 33. fxe5
Rxe5 34. Bxc6 Re1+ 35. Kf2 Re6 36. Rxb7 Rxc6 37. Rxc6 Rxb7 38. Rxa6 Rxb3 39. h5
gxh5 40. Rh6 Ra3 1/2-1/2

[Event "6. Copenhagen Open Politiken Cup"]
[Site "Copenhagen"]
[Date "1984.??.??"]
[Round "8"]
[White "Fedder, Steen"]
[Black "De Boer, Gert Jan"]
[Result "1/2-1/2"]
[WhiteElo "2420"]
[BlackElo "2340"]
[PlyCount "83"]
[EventDate "1984.??.??"]
[EventType "swiss"]
[EventRounds "10"]
[EventCountry "DEN"]
[SourceDate "2004.01.01"]

1. d4 Nf6 2. c4 e6 3. Nc3 Bb4 4. Qc2 c5 5. dxc5 O-O 6. Nf3 Na6 7. Bd2 Nxc5 8.
e3 b6 9. Be2 a5 10. O-O Ba6 11. Rfd1 Rc8 12. Rac1 Qe7 13. Be1 e5 14. Qf5 d6 15.
Bf1 Bxc3 16. Bxc3 Nce4 17. Nd2 Bb7 18. Nxe4 Nxe4 19. Be1 g6 20. Qg4 f5 21. Qe2
f4 22. f3 Nc5 23. exf4 Rxf4 24. Bg3 Rf7 25. Rc3 Ne6 26. Qe3 Qc7 27. c5 bxc5 28.
Bc4 Nd4 29. Bxf7+ Qxf7 30. b3 Re8 31. Re1 Bc6 32. Bf2 a4 33. h4 axb3 34. axb3
Bd5 35. h5 Bxb3 36. hxg6 hxg6 37. Qg5 Be6 38. f4 exf4 39. Bxd4 cxd4 40. Rf3 Bf5
41. Rxe8+ Qxe8 42. Qxf4 1/2-1/2